| 000 | 00537nam a2200181Ia 4500 | ||
|---|---|---|---|
| 005 | 20260429111908.0 | ||
| 008 | 260429s9999||||xx |||||||||||||| ||und|| | ||
| 020 | _a9789358872989 | ||
| 041 | _aEnglish | ||
| 082 |
_a635 _bSHU |
||
| 100 | _aShukla, P. K. | ||
| 245 | 0 |
_aAgro-advisory services in horticulture : _bstrategies for climate-resilient and profitable production / _cP. K. Shukla |
|
| 260 |
_aNew Delhi : _bNipa, _c2025. |
||
| 300 | _axiv, 224 p.; hb | ||
| 650 | _a Agro production | ||
| 650 | _aHorticulture | ||
| 942 | _cTB | ||
| 999 |
_c51317 _d51317 |
||